MEDICAL CHEMISTRY (Record no. 7173)
[ view plain ]
| 000 -LEADER | |
|---|---|
| fixed length control field | 00249nam a2200121Ia 4500 |
| 082 ## - DEWEY DECIMAL CLASSIFICATION NUMBER | |
| Classification number | 615.19 |
| Item number | M10R |
| 100 ## - MAIN ENTRY--PERSONAL NAME | |
| Personal name | RAJDAN, B. |
| 245 ## - TITLE STATEMENT | |
| Title | MEDICAL CHEMISTRY |
| 260 ## - PUBLICATION, DISTRIBUTION, ETC. (IMPRINT) | |
| Name of publisher, distributor, etc | CBS- DELHI |
| 300 ## - PAGE DESCRIPTION | |
| No. of Pages | 828 |
| 650 ## - SUBJECT ADDED ENTRY--TOPICAL TERM | |
| Topical term or geographic name as entry element | ORGANIC CHEMISTRY |
| 942 ## - ADDED ENTRY ELEMENTS (KOHA) | |
| Source of classification or shelving scheme | Dewey Decimal Classification |
| Koha item type | Books |
| Withdrawn status | Lost status | Source of classification or shelving scheme | Damaged status | Not for loan | Collection code | Home library | Current library | Shelving location | Date acquired | Vendor Name | Cost, normal purchase price | SGTU | Bill Number | Total Checkouts | Full call number | Accession No. (Barcode) | Date last seen | Date last borrowed | Bill Date | Koha item type |
|---|---|---|---|---|---|---|---|---|---|---|---|---|---|---|---|---|---|---|---|---|
| Dewey Decimal Classification | PHARMACY | SGT FA-FP Library | SGT FA-FP Library | Reference Book | 02/07/2015 | ABC DELHI | 475.00 | SGTU | 492 | 5 | 615.19 M10R | FP653 | 06/03/2019 | 16/02/2019 | 24/11/2014 | Books | ||||
| Dewey Decimal Classification | PHARMACY | SGT FA-FP Library | SGT FA-FP Library | 02/07/2015 | ABC DELHI | 475.00 | SGTU | 492 | 9 | 615.19 M10R | FP654 | 21/08/2021 | 21/08/2021 | 24/11/2014 | Books |